00729nam a2200229 a 450000100060000000300080000600500170001400800410003102000270007203500190009904000180011804100080013608200310014410000180017524500670019326000430026030000340030350400660033752000370040365000310044065000280047160109BD-RjUL20211209080814.0161228s1995 ii a b 001 0 eng  a817024675X :cRs400.00 a(BD-RjUL)60233 aDLCcDLCbeng aeng 223 a368.40954 bBAS 1995 1 aBarua, Nayan.10aSocial security and labour welfare in India /cby Nayan Barua. aNew Delhi :bAshish Pub. House,c1995. axvi, 239 p. :bill. ;c23 cm. aIncludes bibliographical references (p. [227]-233) and index. aWith special reference to Assam. 0aIndustrial welfarezIndia. 0aSocial securityzIndia.